Loreto College Library, Kolkata
WEBOPAC (ONLINE PUBLIC ACCESS CATALOGUE)

Regency England (Record no. 2094)

MARC details
000 -LEADER
fixed length control field 00688nam a2200229Ia 4500
005 - DATE AND TIME OF LATEST TRANSACTION
control field 20230701123407.0
008 - FIXED-LENGTH DATA ELEMENTS--GENERAL INFORMATION
fixed length control field 131103s9999 xx 000 0 und d
020 ## - ISBN | অাই এস বি এন
ISBN | অাই এস বি এন 0-415-12140-X
PRICE Rs.439
040 ## - CATALOGING SOURCE
Original cataloging agency Loreto College
041 ## - LANGUAGE CODE
Language code English
082 ## - DDC | ডিউই
Classification number | বর্গসংখ্যা 942.074
Book Number | গ্রন্থাঙ্ক PLO
100 ## - MAIN ENTRY--PERSONAL NAME | মুখ্য সংলেখ - ব্যাক্তিনাম
Personal name | ব্যাক্তিনাম Plowright, John
245 ## - TITLE STATEMENT | অাখ্যা বিবরণী
Title | অাখ্যা Regency England
Sub title | উপঅাখ্যা The age of Lord Liverpool
Statement of responsibility | লেখকের দায়িত্বের বিবরণ John Plowright
260 ## - IMPRINT | প্রকাশনা ক্ষেত্র
Place of publication | প্রকাশ স্থান London and New York
Name of publisher | প্রকাশকের নাম Routeledge
Date of publication | প্রকাশ কাল 1996
300 ## - PHYSICAL DESCRIPTION |
Page / Vol. No | পৃষ্ঠা / খন্ড সংখ্যা xv,70p., 21.5 cm.
440 ## - SERIES STATEMENT |গ্রন্থমালা
Series Title | গ্রন্থমালা অাখ্যা Lancaster Pamphlets
504 ## - BIBLIOGRAPHY, ETC. NOTE
Bibliography, etc Includes chronology and bibliographical references.
650 ## - SUBJECT ADDED ENTRY--TOPICAL TERM | বিষয় শিরোনাম - মূল বিষয়
Topical term | মূল বিষয় England-History-regency period
700 ## - ADDED ENTRY--PERSONAL NAME | অতিরিক্ত সংলেখ - ব্
Personal name | ব্যাক্তিনাম Plowright, John, auth.
850 ## - HOLDING INSTITUTION
Holding institution LCLIB
942 ## - ADDED ENTRY ELEMENTS (KOHA)
Koha item type Books
Holdings
Withdrawn status Lost status Source of classification Damaged status Not for loan Home library Current library Date acquired Total Checkouts Full call number Accession No. Date last seen Price effective from Koha item type Coded location qualifier
    Dewey Decimal Classification     Loreto College Loreto College 04/11/2013   942.074 PLO 42379 B970 04/11/2013 04/11/2013 Books